000
00285nam a22001337a 4500
008
170823b xxu||||| |||| 00| 0 eng d
020
_a
3540524010
041
_a
eng
080
_a
54
100
_a
38
101
_a
MAT
245
_a
RIEMANNIAN GEOMETRY
_c
GALLOT.S
942
_2
udc
_c
BK
999
_c
24719
_d
24719